00749nam a2200169Ia 4500008004100000020001800041041000800059082001900067100002100086245024200107250000600349260003900355300001100394650000900405999001900414952014600433210716s2016 xx 000 0 und d a9781786465634 aeng a005.76812 SAND aSantos, Donabel. aTableau 10 business intelligence cookbook: create powerful effective visualizations to help analyze your data with tableau 10 by your side.bCreate powerful effective visualizations to help analyze your data with tableau 10 by your side. a1 aMumbaibPackt Publishing Ltdc2016 axi,452 aNone c196765d196765 001040708MCAaAIMITbAIMITeKnowledge Worldg1199.00l1o005.76812 SANDpMCA16280r2026-05-23 00:00:00s2024-01-27v899.25w2021-07-16yBK